| 000 | 00781nam a22002531c 4500 | ||
|---|---|---|---|
| 001 | ht013685897 | ||
| 008 | 080821s2003 gw a||| 000u ger d | ||
| 020 |
_a3593363070 _93-593-36307-0 |
||
| 041 | _ager | ||
| 100 | 1 | _aJansen, Sarah | |
| 245 | 0 | 0 |
_a"Schädlinge" : _bGeschichte eines wissenschaftlichen und politischen Konstrukts ; 1840 - 1920 / _cSarah Jansen |
| 264 |
_aFrankfurt [u.a.] : _bCampus, _c2003 |
||
| 300 | _a434 S. : Ill., graph. Darst | ||
| 502 | _aZugl.: Braunschweig, Techn. Hochsch., Diss., 1997 | ||
| 650 | 0 | _aWissenschaft | |
| 650 | 0 | _aLandwirtschaft | |
| 650 | 0 | _aZoologie | |
| 650 | 0 | _aSozialwissenschaft | |
| 655 | 0 | _aHochschulschrift | |
| 942 | _cMG | ||
| 040 | _cRU-10907106 | ||
| 003 | RU-10907106 | ||
| 999 |
_c17154 _d17154 |
||
| 490 | 0 |
_aCampus historische Studien _v25 |
|